Normal view
MARC view
Entry Topical Term
001 - CONTROL NUMBER
- control field: 16860
003 - CONTROL NUMBER IDENTIFIER
- control field: OSt
005 - DATE AND TIME OF LATEST TRANSACTION
- control field: 20200317100422.0
008 - FIXED-LENGTH DATA ELEMENTS
- fixed length control field: 200317|| aca||aabn | a|a d
040 ## - CATALOGING SOURCE
- Original cataloging agency: OSt
- Transcribing agency: OSt
150 ## - HEADING--TOPICAL TERM
- Topical term or geographic name entry element: Inequality
670 ## - SOURCE DATA FOUND
- Source citation: Work cat.: (OSt): Easterly, William 16859, Review of Walter Scheidel's the great leveler: Violence and the history of inequality from the stone age to the twenty-first century
